00361 a2200145 450000500170000002000150001708200130003210000170004524500340006225000120009626000290010830000500013794200130018799900150020020250624113720.0 a009147440X a651.3WAL aWALLEY. B. H aHandBook of Office Management a2nd Ed, aBritish,bLondon,c1975. axi; 293p; ill; table; figure,b Index,c24cm. 2ddccBKS c4849d4849